Die Wirtschaftliche Entwicklung Elsass-Lothringens 1871 bis 1918 / (Record no. 139846)

MARC details
000 -LEADER
campo de control de longitud fija 00702nam a2200193 4500
001 - NÚMERO DE CONTROL
campo de control 139846
003 - IDENTIFICADOR DE NÚMERO DE CONTROL
campo de control ES-MaACL
005 - FECHA Y HORA DE LA ÚLTIMA TRANSACCIÓN
campo de control 20230906195926.0
007 - CAMPO FIJO DE DESCRIPCIÓN FÍSICA--INFORMACIÓN GENERAL
campo de control de longitud fija t|
008 - DATOS DE LONGITUD FIJA--INFORMACIÓN GENERAL
campo de control de longitud fija 070214s1931 gw r ||||1| ger d
245 00 - MENCIÓN DEL TÍTULO
Título Die Wirtschaftliche Entwicklung Elsass-Lothringens 1871 bis 1918 /
Mención de responsabilidad, etc. herausgegeben von Dr. Max Schlenker.
260 ## - PUBLICACIÓN, DISTRIBUCIÓN, ETC.
Lugar de publicación, distribución, etc. Frankfurt am Main :
Nombre del editor, distribuidor, etc. Selbsverlag des Elsa-Lothringen-Institutes,
Fecha de publicación, distribución, etc. 1931.
300 ## - DESCRIPCIÓN FÍSICA
Extensión 5 v. ;
Dimensiones 24 cm.
500 ## - NOTA GENERAL
Nota general A poartir del v. II está continuado por Georg Wolfram.
700 1# - ENTRADA AGREGADA--NOMBRE PERSONAL
Nombre de persona Schlenker, Max.
9 (RLIN) 104408
700 1# - ENTRADA AGREGADA--NOMBRE PERSONAL
Nombre de persona Wolfram, Georg.
9 (RLIN) 117274
710 2# - ENTRADA AGREGADA--NOMBRE DE ENTIDAD CORPORATIVA
Nombre de entidad corporativa o nombre de jurisdicción como elemento de entrada Selbstverlag des Elsa-Lothringen-Institutes.
9 (RLIN) 6544
852 ## - LOCALIZACIÓN
Ubicación ES-MaACL
Número de control de estantería F-15379-83
Sublocalización o colección R.19227
Holdings
Estatus retirado Estado de pérdida Estado de daño No para préstamo Biblioteca de origen Biblioteca actual Ubicación en estantería Fecha de adquisición Fuente de adquisición Total de préstamos Signatura topográfica completa Código de barras Visto por última vez Precio de reemplazo Tipo de ítem Koha
        Biblioteca del Ateneo de Madrid Biblioteca del Ateneo de Madrid Sala Pecera Planta 2 17/01/2008     F-15379-83 1145527 23/02/2023 23/02/2023 Libro impreso